000 00418nab a22001097u 4500
008 130520b1976 xxu||||| |||| 00| 0 spa d
041 _aspa
100 1 _aAlarcón Vázquez, Manuel
_981106
245 0 0 _aLa relación "hombre-mundo" en el pensamiento filosófico cristiano (monástico) de los siglos XII y XIII
_cManuel Alarcón Vázquez
773 0 _tLogos
_gV.4, nº10,1976,págs. 33-68
_x0185-6375
_wRev257
942 _cAR
999 _c406923
_d406923